Increased DNA methylation of Dnmt3b targets impairs leukemogenesis
Gespeichert in:
| Hauptverfasser: | , , , , , , , , , , , , , , , , , |
|---|---|
| Dokumenttyp: | Article (Journal) |
| Sprache: | Englisch |
| Veröffentlicht: |
March 2016
|
| In: |
Blood
Year: 2016, Jahrgang: 127, Heft: 12, Pages: 1575-1586 |
| ISSN: | 1528-0020 |
| DOI: | 10.1182/blood-2015-07-655928 |
| Online-Zugang: | Verlag, Volltext: http://www.bloodjournal.org/content/127/12/1575/tab-figures-only Resolving-System, Volltext: http://doi.org/10.1182/blood-2015-07-655928 |
| Verfasserangaben: | Isabell Schulze, Christian Rohde, Marina Scheller-Wendorff, Nicole Bäumer, Annika Krause, Friederike Herbst, Pia Riemke, Katja Hebestreit, Petra Tschanter, Qiong Lin, Heinz Linhart, Lucy A. Godley, Hanno Glimm, Martin Dugas, Wolfgang Wagner, Wolfgang E. Berdel, Frank Rosenbauer, and Carsten Müller-Tidow |
MARC
| LEADER | 00000caa a2200000 c 4500 | ||
|---|---|---|---|
| 001 | 892921749 | ||
| 003 | DE-627 | ||
| 005 | 20230831102557.0 | ||
| 007 | cr uuu---uuuuu | ||
| 008 | 170706s2016 xx |||||o 00| ||eng c | ||
| 024 | 7 | |a 10.1182/blood-2015-07-655928 |2 doi | |
| 035 | |a (DE-627)892921749 | ||
| 035 | |a (DE-576)9892921747 | ||
| 035 | |a (DE-599)GBV892921749 | ||
| 035 | |a (OCoLC)1340370275 | ||
| 040 | |a DE-627 |b ger |c DE-627 |e rda | ||
| 041 | |a eng | ||
| 084 | |a 33 |2 sdnb | ||
| 100 | 1 | |a Schulze, Isabell |d 1984- |e VerfasserIn |0 (DE-588)1078766290 |0 (DE-627)83936816X |0 (DE-576)451685458 |4 aut | |
| 245 | 1 | 0 | |a Increased DNA methylation of Dnmt3b targets impairs leukemogenesis |c Isabell Schulze, Christian Rohde, Marina Scheller-Wendorff, Nicole Bäumer, Annika Krause, Friederike Herbst, Pia Riemke, Katja Hebestreit, Petra Tschanter, Qiong Lin, Heinz Linhart, Lucy A. Godley, Hanno Glimm, Martin Dugas, Wolfgang Wagner, Wolfgang E. Berdel, Frank Rosenbauer, and Carsten Müller-Tidow |
| 264 | 1 | |c March 2016 | |
| 300 | |b Diagramme, Illustrationen | ||
| 300 | |a 12 | ||
| 336 | |a Text |b txt |2 rdacontent | ||
| 337 | |a Computermedien |b c |2 rdamedia | ||
| 338 | |a Online-Ressource |b cr |2 rdacarrier | ||
| 500 | |a Gesehen am 26.05.2020 | ||
| 700 | 1 | |a Rohde, Christian |e VerfasserIn |4 aut | |
| 700 | 1 | |a Scheller, Marina |e VerfasserIn |0 (DE-588)122738187 |0 (DE-627)706022181 |0 (DE-576)293400423 |4 aut | |
| 700 | 1 | |a Bäumer, Nicole |e VerfasserIn |4 aut | |
| 700 | 1 | |a Krause, Annika |e VerfasserIn |4 aut | |
| 700 | 1 | |a Herbst, Friederike |e VerfasserIn |0 (DE-588)1022072900 |0 (DE-627)715858246 |0 (DE-576)364281324 |4 aut | |
| 700 | 1 | |a Riemke, Pia |d 1984- |e VerfasserIn |0 (DE-588)106027454X |0 (DE-627)799365874 |0 (DE-576)416368638 |4 aut | |
| 700 | 1 | |a Hebestreit, Katja |d 1985- |e VerfasserIn |0 (DE-588)104641674X |0 (DE-627)776393782 |0 (DE-576)399738746 |4 aut | |
| 700 | 1 | |a Tschanter, Petra Margret |d 1978- |e VerfasserIn |0 (DE-588)133370488 |0 (DE-627)544029852 |0 (DE-576)299801837 |4 aut | |
| 700 | 1 | |a Lin, Qiong |d 1982- |e VerfasserIn |0 (DE-588)1054406693 |0 (DE-627)791476804 |0 (DE-576)41024323X |4 aut | |
| 700 | 1 | |a Linhart, Heinz |d 1966- |e VerfasserIn |0 (DE-588)1045034479 |0 (DE-627)773536892 |0 (DE-576)398346569 |4 aut | |
| 700 | 1 | |a Godley, Lucy A. |e VerfasserIn |4 aut | |
| 700 | 1 | |a Glimm, Hanno |d 1967- |e VerfasserIn |0 (DE-588)113880677 |0 (DE-627)51985120X |0 (DE-576)289777879 |4 aut | |
| 700 | 1 | |a Dugas, Martin |e VerfasserIn |0 (DE-588)1131361393 |0 (DE-627)886028701 |0 (DE-576)487948939 |4 aut | |
| 700 | 1 | |a Wagner, Wolfgang |e VerfasserIn |4 aut | |
| 700 | 1 | |a Berdel, Wolfgang E. |d 1952- |e VerfasserIn |0 (DE-588)109371682 |0 (DE-627)501107002 |0 (DE-576)289640857 |4 aut | |
| 700 | 1 | |a Rosenbauer, Frank |e VerfasserIn |4 aut | |
| 700 | 1 | |a Müller-Tidow, Carsten |d 1968- |e VerfasserIn |0 (DE-588)1015101798 |0 (DE-627)705330230 |0 (DE-576)351197893 |4 aut | |
| 773 | 0 | 8 | |i Enthalten in |t Blood |d Washington, DC : American Society of Hematology, 1946 |g 127(2016), 12, Seite 1575-1586 |h Online-Ressource |w (DE-627)266886647 |w (DE-600)1468538-3 |w (DE-576)075961938 |x 1528-0020 |7 nnas |a Increased DNA methylation of Dnmt3b targets impairs leukemogenesis |
| 773 | 1 | 8 | |g volume:127 |g year:2016 |g number:12 |g pages:1575-1586 |g extent:12 |a Increased DNA methylation of Dnmt3b targets impairs leukemogenesis |
| 856 | 4 | 0 | |u http://www.bloodjournal.org/content/127/12/1575/tab-figures-only |x Verlag |3 Volltext |
| 856 | 4 | 0 | |u http://doi.org/10.1182/blood-2015-07-655928 |x Resolving-System |3 Volltext |
| 951 | |a AR | ||
| 992 | |a 20200526 | ||
| 993 | |a Article | ||
| 994 | |a 2016 | ||
| 998 | |g 1015101798 |a Müller-Tidow, Carsten |m 1015101798:Müller-Tidow, Carsten |d 910000 |d 950000 |d 950950 |e 910000PM1015101798 |e 950000PM1015101798 |e 950950PM1015101798 |k 0/910000/ |k 1/910000/950000/ |k 2/910000/950000/950950/ |p 18 |y j | ||
| 998 | |g 113880677 |a Glimm, Hanno |m 113880677:Glimm, Hanno |d 140000 |e 140000PG113880677 |k 0/140000/ |p 13 | ||
| 998 | |g 1022072900 |a Herbst, Friederike |m 1022072900:Herbst, Friederike |d 50000 |e 50000PH1022072900 |k 0/50000/ |p 6 | ||
| 998 | |g 122738187 |a Scheller, Marina |m 122738187:Scheller, Marina |d 910000 |d 950000 |d 950950 |e 910000PS122738187 |e 950000PS122738187 |e 950950PS122738187 |k 0/910000/ |k 1/910000/950000/ |k 2/910000/950000/950950/ |p 3 | ||
| 999 | |a KXP-PPN892921749 |e 3671243341 | ||
| BIB | |a Y | ||
| SER | |a journal | ||
| JSO | |a {"id":{"doi":["10.1182/blood-2015-07-655928"],"eki":["892921749"]},"note":["Gesehen am 26.05.2020"],"title":[{"title":"Increased DNA methylation of Dnmt3b targets impairs leukemogenesis","title_sort":"Increased DNA methylation of Dnmt3b targets impairs leukemogenesis"}],"origin":[{"dateIssuedDisp":"March 2016","dateIssuedKey":"2016"}],"language":["eng"],"name":{"displayForm":["Isabell Schulze, Christian Rohde, Marina Scheller-Wendorff, Nicole Bäumer, Annika Krause, Friederike Herbst, Pia Riemke, Katja Hebestreit, Petra Tschanter, Qiong Lin, Heinz Linhart, Lucy A. Godley, Hanno Glimm, Martin Dugas, Wolfgang Wagner, Wolfgang E. Berdel, Frank Rosenbauer, and Carsten Müller-Tidow"]},"person":[{"given":"Isabell","display":"Schulze, Isabell","role":"aut","family":"Schulze"},{"display":"Rohde, Christian","given":"Christian","family":"Rohde","role":"aut"},{"given":"Marina","display":"Scheller, Marina","family":"Scheller","role":"aut"},{"display":"Bäumer, Nicole","given":"Nicole","role":"aut","family":"Bäumer"},{"family":"Krause","role":"aut","display":"Krause, Annika","given":"Annika"},{"display":"Herbst, Friederike","given":"Friederike","role":"aut","family":"Herbst"},{"role":"aut","family":"Riemke","given":"Pia","display":"Riemke, Pia"},{"given":"Katja","display":"Hebestreit, Katja","role":"aut","family":"Hebestreit"},{"given":"Petra Margret","display":"Tschanter, Petra Margret","family":"Tschanter","role":"aut"},{"family":"Lin","role":"aut","given":"Qiong","display":"Lin, Qiong"},{"family":"Linhart","role":"aut","display":"Linhart, Heinz","given":"Heinz"},{"family":"Godley","role":"aut","given":"Lucy A.","display":"Godley, Lucy A."},{"display":"Glimm, Hanno","given":"Hanno","role":"aut","family":"Glimm"},{"role":"aut","family":"Dugas","given":"Martin","display":"Dugas, Martin"},{"family":"Wagner","role":"aut","given":"Wolfgang","display":"Wagner, Wolfgang"},{"family":"Berdel","role":"aut","given":"Wolfgang E.","display":"Berdel, Wolfgang E."},{"display":"Rosenbauer, Frank","given":"Frank","role":"aut","family":"Rosenbauer"},{"family":"Müller-Tidow","role":"aut","display":"Müller-Tidow, Carsten","given":"Carsten"}],"recId":"892921749","relHost":[{"pubHistory":["1.1946 -"],"corporate":[{"display":"American Society of Hematology","role":"isb"}],"recId":"266886647","type":{"bibl":"periodical","media":"Online-Ressource"},"physDesc":[{"extent":"Online-Ressource"}],"id":{"zdb":["1468538-3"],"issn":["1528-0020"],"eki":["266886647"]},"origin":[{"publisherPlace":"Washington, DC ; Philadelphia, Pa. ; Stanford, Calif.","publisher":"American Society of Hematology ; Saunders ; HighWire Press","dateIssuedDisp":"1946-","dateIssuedKey":"1946"}],"title":[{"title":"Blood","title_sort":"Blood","subtitle":"journal of the American Society of Hematology"}],"note":["Gesehen am 21.04.2023"],"disp":"Increased DNA methylation of Dnmt3b targets impairs leukemogenesisBlood","part":{"issue":"12","text":"127(2016), 12, Seite 1575-1586","pages":"1575-1586","volume":"127","year":"2016","extent":"12"},"language":["eng"],"titleAlt":[{"title":"Blood online"}]}],"physDesc":[{"extent":"12 S.","noteIll":"Diagramme, Illustrationen"}],"type":{"bibl":"article-journal","media":"Online-Ressource"}} | ||
| SRT | |a SCHULZEISAINCREASEDD2016 | ||